| 000 | 01251ngm a22003610a 4500 | ||
|---|---|---|---|
| 001 | PT19332 | ||
| 003 | AR-LpoUNG | ||
| 005 | 20210202000301.0 | ||
| 007 | vd cvaizq | ||
| 008 | 191001s1973||||ag |||||||||||||||||spa d | ||
| 037 | _c$16.63 | ||
| 040 |
_aAR-LpoUNG _bspa _cAR-LpoUNG _eaacr |
||
| 041 | _aspa | ||
| 044 | _aag | ||
| 082 | 0 | _a982.063 554olv | |
| 100 | 1 |
_aGleyzer, Raymundo _edir. |
|
| 245 | 1 | 0 |
_aNi olvido ni perdón : _b1972 : la masacre de Trelew |
| 260 |
_aBuenos Aires : _bBlackman, _c1973. |
||
| 300 | _aVHS (30 min.) : son., byn | ||
| 520 | _aEl 22 de agosto de 1972, 16 prisioneros políticos escapan; trece de ellos son asesinados después de rendirse a las autoridades, luego de una conferencia de prensa por TV. Los tres sibrevivientes relatan los hechos desde el hospital de la carcel. Poco después, ellos también son asesinados y forman parte de los 30.000 desaparecidos en Argentina durante los años 70. | ||
| 650 | 4 | _aARGENTINA | |
| 650 | 4 | _aASPECTOS POLITICOS | |
| 650 | 4 | _aGOBIERNO MILITAR | |
| 650 | 4 | _aHISTORIA | |
| 651 | 4 | _aArgentina | |
| 653 | _aDOCUMENTALES | ||
| 653 | _aPRESOS POLITICOS | ||
| 653 | _aREPRESION | ||
| 653 | _aVHS | ||
| 653 | _aVIDEOS | ||
| 905 | _a19332 | ||
| 942 | _cVIDEO | ||
| 999 |
_c54526 _d54526 |
||